| 000 | 02660nmmaa2200409 i 4500 | ||
|---|---|---|---|
| 001 | 197790 | ||
| 003 | ES-MaACL | ||
| 005 | 20251015213217.0 | ||
| 007 | c| ||||a|||||| | ||
| 008 | 250809e2009 sp |||||o||j o00| 0 spa | ||
| 017 |
_aM 19160-2009 _bOficina Depósito Legal Madrid |
||
| 020 | _a978-84-451-3207-4 | ||
| 040 |
_bspa _cES-MaACL |
||
| 080 | _a903(460.27)(063) | ||
| 080 | _a904(460.27)(063) | ||
| 111 | 2 |
_aJornadas de Patrimonio Arqueológico en la Comunidad de Madrid _n(3ª. _d2006. _cMadrid) _9241690 |
|
| 245 | 1 | 0 |
_aActas de las Terceras Jornadas de Patrimonio Arqueológico en la Comunidad de Madrid _h[Recurso electrónico] : _b[celebradas en el Ateneo de Madrid durante los días 29 y 30 de noviembre y 1 de diciembre de 2006] / _c[organización, Dirección General de Patrimonio Histórico, Área de Protección del Patrimonio Arqueológico, Paleontológico y Etnográfico ; Belén Martínez Díaz y Nicolás Benet] |
| 260 |
_a[Madrid] : _bDirección General de Patrimonio Histórico, _c[2009] |
||
| 300 |
_a354 páginas : _bilustraciones (blanco y negro y color), mapas, planos ; _c24 cm |
||
| 500 | _aÍndice | ||
| 504 | _aReferencias bibliográficas | ||
| 505 | _aPrograma de las III Jornadas de Patrimonio Arqueológico en la Comunidad de Madrid. El ejercicio arqueológico en el modelo preventivo. Cada cosa en su sitio: últimas propuestas para mejorar el registro arqueológico. La II Edad del Hierro en la Comunidad de Madrid. Posters. En recuerdo de Charo Lucas | ||
| 520 | _aRecoge las ponencias y comunicaciones presentadas en las Terceras Jornadas de Patrimonio en la Comunidad de Madrid, celebradas en el Ateneo de Madrid los días 29 y 30 de noviembre, y 1 de diciembre de 2006 | ||
| 530 | _aDisponible en formato digital | ||
| 600 | 1 | 4 |
_aLucas Pellicer, María Rosario, _d1938-2004 _9193710 |
| 650 | 4 |
_aExcavaciones arqueológicas- _zMadrid (Comunidad Autónoma) _9141253 |
|
| 650 | 4 |
_aExcavaciones arqueológicas- _vCongresos y asambleas _9172811 |
|
| 651 | 4 |
_aMadrid (Comunidad Autónoma)- _xRestos arqueológicos- _vCongresos y asambleas _9241693 |
|
| 700 | 1 |
_aMartínez Díaz, Belén _edrt _9241691 |
|
| 700 | 1 |
_aBenet, Nicolás _edrt _9241694 |
|
| 710 | 2 |
_aMadrid (Comunidad Autónoma). _bÁrea de Protección del Patrimonio Arqueológico, Paleontológico y Etnológico _eisb _9241699 |
|
| 710 | 2 |
_aAteneo de Madrid _ehis _91875 |
|
| 710 | 1 |
_aMadrid (Comunidad Autónoma). _bDirección General de Patrimonio Histórico _eedt _9161737 |
|
| 856 | 4 |
_uhttps://gestiona3.madrid.org/bvirtual/BVCM002675.pdf _yVersión en línea _z(PublicaMadrid) |
|
| 942 |
_2udc _n0 _cCDROM |
||
| 999 |
_c197790 _d197790 |
||